Statistics for If the world was just 500 people . . .

Click here to take the quiz!

General Stats

  • This quiz has been taken 92 times
  • The average score is 414 of 500

Answer Stats

Answer% Correct
China
99%
India
96%
United States
96%
Australia
94%
France
94%
Russia
94%
Brazil
93%
Germany
93%
Mexico
93%
United Kingdom
93%
Japan
91%
Spain
91%
Canada
89%
Argentina
88%
Italy
86%
Egypt
85%
Indonesia
85%
South Africa
85%
Chile
84%
Iran
83%
Greece
81%
Niger
81%
Pakistan
81%
Poland
81%
Nigeria
80%
Ukraine
80%
Iraq
78%
Colombia
76%
D.R. Congo
76%
Sweden
76%
Portugal
75%
Malaysia
74%
Peru
74%
Saudi Arabia
74%
Venezuela
74%
Philippines
73%
Turkey
73%
Vietnam
73%
Kenya
71%
Thailand
71%
Algeria
70%
Ethiopia
70%
South Korea
70%
Bangladesh
69%
Austria
66%
Sudan
66%
Afghanistan
65%
Cuba
65%
Netherlands
65%
Syria
64%
Morocco
63%
Ghana
61%
Israel
61%
Romania
61%
Angola
60%
North Korea
60%
Chad
59%
Zambia
59%
Switzerland
58%
Taiwan
58%
Uganda
58%
Zimbabwe
58%
Cambodia
56%
Czech Republic
56%
Kazakhstan
56%
Nepal
56%
Belgium
55%
Bolivia
55%
Laos
55%
Libya
55%
Madagascar
55%
Mozambique
55%
Paraguay
55%
Cameroon
54%
Somalia
54%
Tanzania
54%
Bulgaria
53%
Mali
53%
Myanmar
53%
Tunisia
53%
Ecuador
51%
Guatemala
51%
Hungary
51%
Jordan
51%
South Sudan
50%
Uzbekistan
50%
Ivory Coast
49%
Senegal
49%
Yemen
49%
Dominican Republic
48%
Rwanda
48%
Serbia
48%
United Arab Emirates
48%
Belarus
46%
Sri Lanka
44%
Haiti
43%
Guinea
41%
Honduras
41%
Malawi
34%
Burundi
33%
Togo
33%
Benin
31%
Tajikistan
30%
Papua New Guinea
29%
Azerbaijan
28%
Burkina Faso
28%
Sierra Leone
26%
Hong Kong
9%

Score Distribution

Percentile by Number Answered

Percent of People with Each Score

Your Score History

You have not taken this quiz